000 04509nab a2200361 i 4500
003 BR-BrBNA
005 20240704121557.0
008 240704b2017 bl.|r|pooa||| 00| 0 por |
040 _aBR-BrBNA
_bpor
072 _aL73
_b5212
072 _aL70
100 _aSoares, G.S.L.
100 _aSilva, L.C.A.
100 _aBatista, J.A.
100 _aMaia, L.A.
100 _aSimões, S.V.D.
100 _a Miranda Neto, E.G.
245 _aDermatite piogranulomatosa ulcerativa em bovino por Corynebacterium pseudotuberculosis
500 _aPublicação online; 11 ref.; 3 illus.; Summaries (En, Pt)
520 _a RESUMO - Relata-se um caso de lesão cutânea secundária à infecção por Corynebacterium pseudotuberculosis em bovino. Abscessos e múltiplas lesões cutâneas nodulares, variando de 8x10 para 20x25cm de diâmetro, firmes, sensíveis ao toque e sem mobilidade, algumas com superfície ulcerada, circundada por halo avermelhado e drenando secreção piossanguinolenta, e outras com superfícies alopécicas, foram identificados na região torácica lateral do animal. Exames histopatológicos e o isolamento do agente de fragmentos obtidos após remoção cirúrgica das lesões confirmaram tratar-se da forma cutânea da infecção pelo C. pseudotuberculosis. As lesões microscópicas caracterizaram-se por dermatite nodular piogranulomatosa e ulcerativa. A avaliação da susceptibilidade in vitro do C. pseudotuberculosis a antimicrobianos demonstrou que o agente era resistente à amicacina, kanamicina, neomicina e penicilina G, apresentando sensibilidade à ampicilina adicionada de subactam, amoxicilia com ácido clavulônico, cefalexina, cefalotina, cefotaxima, enrofloxacina, gentamicina e tetraciclina. A retirada cirúrgica das lesões e o tratamento com enrofloxacina resultaram na cura do animal. Lesões de pele observadas em casos de ptiose, carcinoma de células escamosas e na forma atípica da actinobacilose devem ser consideradas no diagnóstico diferencial da forma cutânea da infecção por C. pseudotuberculosis em bovinos. Os dados apresentados demonstram que a infecção pelo C. pseudotuberculosis deve ser considerada no diagnóstico diferencial das lesões de pele em bovinos no Brasil. Palavras-chaves: dermatopatias, ruminantes, lesões piogranulomatosas
520 _a ABSTRACT - We report a case of secondary skin lesionby infection with Corynebacterium pseudotuberculosis in bovine. Abscesses and multiple nodular lesions, ranging from 8x10 to 20x25 cm in diameter, firm, sensitive to touch, and without mobility, some with ulcerated surface, surrounded by reddish halo and draining piosanguinolenta secretion, and other surfaces with alopecia, were identified in the skin of the animal`s thoracic area. Histopathology and isolation of the agent from fragments obtained after surgical removal of the lesions confirmed the cutaneous infection by C. pseudotuberculosis. Microscopic lesions were characterized by lumpy skin disease and ulcerative pyogranulomatous. Evaluation of in vitro susceptibility to antimicrobial demonstrated that the agent was resistant to amikacin, kanamycin, neomycin and penicillin G, and sensitive to ampicillin + subactam, amoxicilia with clavulonic acid, cephalexin, cephalothin, cefotaxime, enrofloxacin, gentamicin, and tetracycline. The surgical removal of the lesions, and treatment with enrofloxacin resulted in animal cure. Skin lesions observed in case of ptiose, squamous cell carcinoma and atypical form of Actinobacillosis should be considered in the differential diagnosis of cutaneous form of C. pseudotuberculosis infection in cattle. The data presented demonstrate that infection with C. pseudotuberculosis should be considered in the differential diagnosis of skin lesions in cattle in Brazil. Keywords: skin diseases, ruminants, piogranulomatosas injuries
650 _aBOVINO
650 _aDOENÇA ANIMAL
650 _aDERMATITE
650 _aLESÃO CUTÂNEA
650 _aANTIBIÓTICO
650 _aLEVANTAMENTO FITOSSANITÁRIO
650 _aDEFESA ANIMAL
773 0 _01643
_9316242
_dBelo Horizonte-MG Universidade Federal de Minas Gerais - Escola de Veterinaria 1983
_o2024-2643
_tArquivo Brasileiro de Medicina Veterinária e Zootecnia (Brazil)
_x0102-0935
_gv. 69(4) p. 860-864. (2017)
_wBR2024001647
856 _uhttps://www.scielo.br/j/abmvz/a/3yDbSBdzjckYHNyxqqQQNGm/?format=pdf&lang=pt
942 _cAnalítica
999 _c300398
_d300398